Etiqueta de registo: 00540ccm 02200193 04500
001 50176
003 http://id.bnportugal.gov.pt/bib/catbnp/50176
100 ## $a19960626d1955 m y0pora01030103ba
101 0# $apor
102 ## $aPT
106 ## $ar
200 1# $aCantoral do Bom Jesus do Monte$bMúsica impressa]$fpref. Hilário de Barros
210 #9 $aBraga$cAmigos do Bom Jesus do Monte$d1955
215 ## $a1 partitura (26, [1] p.)$d20 cm
316 ## $aExemplar encadernado em miscelânea$5PTBN: B.A. 2484//4 P.
317 ## $aConservatório Nacional$5PTBN: C.N. 862 P.
330 ## $aN. 1: Hino ao Bom Jesus do Monte ; N. 2: Saudação ao Bom Jesus ; N. 3: A cruz do Bom
Jesus ; N. 4: Ao Bom Jesus ; N. 5: Viva Maria! ; N. 6: Aos pés da Cruz ; N. 7: Ao
Divino Coração de Jesus ; N. 8: Chama-nos Jesus ; N. 9: Para antes do sermão ; N.
10: Martírios ; N. 11: O crucifixo na escola portuguesa ; N. 12: Amor ao Deus Menino
; N. 13: Romeiros do Bom Jesus
500 11 $aCânticos,$rVV
606 ## $aMúsica sacra$zSéc. 20$j[Música impressa]$2SIPOR$3954270
675 ## $a78.089.6$vBN$zpor$3536969
675 ## $a783"19"$vBN$zpor$31525881
702 #1 $aBarros$bHilário de$4080$312838
702 #1 $aBorda$bManuel de Faria$f1914-1992$4230$315529
702 #1 $aFaria$bHenrique$4230$31522811
712 01 $aPortugal$bConservatório Nacional$bEscola de Música$4390$31172174
801 #0 $aPT$bBN$gRPC
966 ## $lBN$mFGMON$sB.A. 2484//4 P.
966 ## $lBN$mMUSICA$pConservatório Nacional$sC.N. 862 P. $x7
976 ## $d20260625$rjamaral